<?xml version="1.0" encoding="UTF-8"?>
<record
    xmlns:xsi="http://www.w3.org/2001/XMLSchema-instance"
    xsi:schemaLocation="http://www.loc.gov/MARC21/slim http://www.loc.gov/standards/marcxml/schema/MARC21slim.xsd"
    xmlns="http://www.loc.gov/MARC21/slim">

  <leader>02195cam a22002773a 4500</leader>
  <controlfield tag="001">17667</controlfield>
  <controlfield tag="003">PGUSA</controlfield>
  <controlfield tag="005">20140828083357.0</controlfield>
  <controlfield tag="008">060203s2006||||xxu|||||s|||||000 | eng d</controlfield>
  <datafield tag="040" ind1=" " ind2=" ">
    <subfield code="a">PGUSA</subfield>
    <subfield code="b">eng</subfield>
  </datafield>
  <datafield tag="042" ind1=" " ind2=" ">
    <subfield code="a">dc</subfield>
  </datafield>
  <datafield tag="050" ind1=" " ind2="4">
    <subfield code="a">PR</subfield>
  </datafield>
  <datafield tag="100" ind1="1" ind2=" ">
    <subfield code="a">Lyttelton, George Lyttelton, Baron,</subfield>
    <subfield code="d">1709-1773</subfield>
  </datafield>
  <datafield tag="245" ind1="1" ind2="0">
    <subfield code="a">Dialogues of the Dead</subfield>
    <subfield code="h">[electronic resource] /</subfield>
    <subfield code="c">George Lyttelton, Baron Lyttelton</subfield>
  </datafield>
  <datafield tag="260" ind1=" " ind2=" ">
    <subfield code="b">Project Gutenberg,</subfield>
    <subfield code="c">2006</subfield>
  </datafield>
  <datafield tag="500" ind1=" " ind2=" ">
    <subfield code="a">Dialogues XXVI-XXVIII are by Elizabeth Montagu.</subfield>
  </datafield>
  <datafield tag="505" ind1="0" ind2=" ">
    <subfield code="a">I. Lord Falkland; Mr. Hampden -- II. Louis le Grand; Peter the Great -- III. Plato; Fenelon -- IV. Mr. Addison; Dr. Swift -- V. Ulysses; Circe -- VI. Mercury; An English Duellist; A North-American Savage -- VII. Pliny the Elder; Pliny the Younger -- VIII. Fernando Cortez; William Penn -- IX. Marcus Portius Cato; Messalla Corvinus -- X. Christina, Queen of Sweden; Chancellor Oxenstiern -- XI. Titus Vespasianus; Publius Cornelius Scipio Africanus -- XII. Henry Duke of Guise; Machiavel -- XIII. Virgil; Horace; Mercury; Scaliger the Elder -- XIV. Boileau; Pope -- XV. Octavia; Portia; Arria -- XVI. Louise de Coligni, Princess of Orange; Frances Wasingham, Countess of Essex and of Clanricard; before, Lady Sidney -- XVII. Marcus Brutus; Pomponius Atticus -- XVIII. William the Third, King of England; John De Witt, Pensioner, of Holland -- XIX. M. Apicius; Darteneuf -- XX. Alexander the Great; Charles the Twelfth, King of Sweden -- XXI. Cardinal Ximenes; Cardinal Wolsey -- XXII. Lucian; Rabelais -- XXIII. Pericles; Cosmo de Medicis, the first of that Name -- XXIV. Locke; Bayle -- XXV. Archibald, Earl of Douglas, Duke of Touraine; John, Duke of Argyle and Greenwich, Field-Marshal of His Britannic Majesty's Forces -- XXVI. Cadmus; Hercules -- XXVII. Mercury; And a modern fine Lady -- XXVIII. Plutarch; Charon; And a modern Bookseller.</subfield>
  </datafield>
  <datafield tag="506" ind1=" " ind2=" ">
    <subfield code="a">Public domain in the USA.</subfield>
  </datafield>
  <datafield tag="516" ind1=" " ind2=" ">
    <subfield code="a">Electronic text</subfield>
  </datafield>
  <datafield tag="653" ind1=" " ind2=" ">
    <subfield code="a">Imaginary conversations</subfield>
  </datafield>
  <datafield tag="653" ind1=" " ind2=" ">
    <subfield code="a">Dialogues, English -- Early works to 1800</subfield>
  </datafield>
  <datafield tag="700" ind1="1" ind2=" ">
    <subfield code="a">Morley, Henry,</subfield>
    <subfield code="d">1822-1894</subfield>
  </datafield>
  <datafield tag="830" ind1=" " ind2="0">
    <subfield code="a">Project Gutenberg</subfield>
    <subfield code="v">17667</subfield>
  </datafield>
  <datafield tag="856" ind1="4" ind2="0">
    <subfield code="u">http://www.gutenberg.org/ebooks/17667</subfield>
  </datafield>
  <datafield tag="942" ind1=" " ind2=" ">
    <subfield code="c">EB</subfield>
  </datafield>
  <datafield tag="999" ind1=" " ind2=" ">
    <subfield code="c">246922</subfield>
    <subfield code="d">246922</subfield>
  </datafield>
  <datafield tag="952" ind1=" " ind2=" ">
    <subfield code="0">0</subfield>
    <subfield code="1">0</subfield>
    <subfield code="4">0</subfield>
    <subfield code="a">GTB</subfield>
    <subfield code="b">GTB</subfield>
    <subfield code="d">2014-08-28</subfield>
    <subfield code="l">0</subfield>
    <subfield code="r">2014-08-28 00:00:00</subfield>
    <subfield code="w">2014-08-28</subfield>
    <subfield code="y">EB</subfield>
  </datafield>
</record>
